000 00422nam a2200181Ia 4500
001 1031
005 20260306140602.0
008 260306t2010||||xx |||||||||||||| ||spa||
041 _aESP
082 _a180
_bF54
100 _aFischl, Johann
_eAUT
245 0 _aManual de historia de la filosofía
260 _c2010
300 _a579 páginas :
_c21 cm.
650 _aGEN
654 _aCHU
942 _cLIB
_dJUS
_fJUS
_2ddc
_n
999 _c1031
_d1031